Guess the countries by their random facts (Asia edition) - Statistics

General Stats
  • This quiz has been taken 16 times
  • The average score is 28 of 47
Answer Stats
Fact Country % Correct
It would come first when sorting all Asian countries alphabetically Afghanistan
93%
The Caucasus Mountains form it's entire north border Georgia
80%
The religion Buddhism originated here India
80%
This country used to be called Persia Iran
80%
Home to the Petronas Towers Malaysia
80%
It's the least densely populated country on Earth Mongolia
80%
Has the highest percentage of the population being military personnel in the world North Korea
80%
The national dish is kimchi South Korea
80%
Holds the most popular city for tourists in the world Thailand
80%
It's largest city was formerly known as Constanople Turkey
80%
It's the only country with a flag that isn't rectangular Nepal
73%
It's the only country that starts with O Oman
73%
Chewing gum was banned here Singapore
73%
It's home to the worlds highest bridge China
67%
It is the smallest country that starts with K in all of Asia Kuwait
67%
It used to be called Burma Myanmar
67%
It's the only Islamic country that has nuclear power Pakistan
67%
It's one of two doubly landlocked countries Uzbekistan
67%
Home to Son Doong Cave Vietnam
67%
It is the most Christian country in Asia by percentage Armenia
60%
Manama is Its capital Bahrain
60%
Has the highest percentage of Buddhist people in the world Cambodia
60%
It's the only Asian country in the European Union Cyprus
60%
This country gained independence from Indonesia East Timor(Timor Leste)
60%
The only middle eastern country with nukes Israel
60%
This country's capital is the farthest capital city from any ocean Kyrgyzstan
60%
In 2020, a building filled with fertilizer exploded here Lebanon
60%
Bordered by Iran to the south and the Caspian Sea to the west Turkmenistan
60%
Home to the worlds largest indoor shopping mall United Arab Emirates
60%
This country once had the second largest salt lake in the world, but water was diverted for cotton farms kazakhstan
53%
Its the only landlocked communist country in the world Laos
53%
This country controls the island of Luzon Philippines
53%
Smallest country to ever hold the title of the worlds tallest building Taiwan
53%
Bandar Seri Begawan is its capital Brunei
47%
The eruption of mount Tambora happened here Indonesia
47%
The Tigris and Euphrates rivers both empty into the ocean in this country Iraq
47%
This country gets the least sleep on average in the world Japan
47%
It's flag is white and maroon with a serrated vertical line separating the colors Qatar
47%
It has the worlds largest landlocked exclave(part of country isolated from another part) Azerbaijan
40%
This country has the oldest continuously inhabited capital city in the world Syria
40%
The island of Socotra is a part of this country Yemen
40%
Has the highest percentage of airable land in the world Bangladesh
33%
It has the shortest coastline in all of Asia Jordan
33%
Home of the worlds tallest clock tower Saudi Arabia
33%
Has the worlds oldest planted tree, planted in 288 BC Sri Lanka
33%
Has the world's longest glacier, outside of the polar regions Tajikistan
33%
This country was the first in the world to ban the sale of tobacco products Bhutan
27%
No matching quizzes found
Score Distribution
Percent of People with Each Score
Percentile by Number Answered
Your Score History
You have not taken this quiz